| 000 | 00970nam a2200289 a 4500 | ||
|---|---|---|---|
| 001 | 000011622 | ||
| 005 | 20250218125614.0 | ||
| 008 | 091021s2002 ck 000 f spa d | ||
| 020 | _a958704049X | ||
| 040 |
_aDO-SdBNP _bspa _cBNPHU |
||
| 041 | 1 | 7 |
_aspa _hpor _2Código de idioma MARC |
| 082 |
_aB869.34 _bS243ho |
||
| 100 | 1 |
_aSaramago, José, _d1922-2010 _912950 |
|
| 240 | 1 | 2 |
_aO homem duplicado. _lEspañol |
| 245 | 1 | 3 |
_aEl hombre duplicado / _cJosé Saramago ; traducción de Pilar del Río. |
| 260 |
_aBogotá, Colombia : _bAlfaguara, _c2002. |
||
| 300 |
_a407 p. ; _c22 cm. |
||
| 490 | 1 | _aBiblioteca | |
| 500 | _aIncluye datos biográficos del autor en la solapa de la contracubierta | ||
| 534 |
_pTítulo original en Portugés: _tO homem duplicado |
||
| 650 | 4 |
_aNovela portuguesa _912951 |
|
| 650 | 4 |
_aLiteratura portuguesa _ySIGLO XXI _927506 |
|
| 700 | 1 |
_aRío, Pilar del, _etr. _927507 |
|
| 830 | 0 |
_aBiblioteca _91648 |
|
| 910 | _aWM | ||
| 049 | _aBNGR | ||
| 999 |
_c11315 _d11315 |
||